Compaison de defferentes varietes de riz pendant la saison des pluies par le systeme de la riziculture intensive cambodge), ការប្រៀបធៀបពីប្រភេទពូជស្រូវផ្សេងៗគ្នាក្នុងលក្ខខ័ណ្ឌរដូវវស្សាតាមប្រព័ន្ធប្រពលវប្បកមម្ម. (Record no. 1555)

000 -LEADER
fixed length control field 00735nam a22001577a 4500
003 - CONTROL NUMBER IDENTIFIER
control field OSt
005 - DATE AND TIME OF LATEST TRANSACTION
control field 20151001094042.0
008 - FIXED-LENGTH DATA ELEMENTS--GENERAL INFORMATION
fixed length control field 151001b xxu||||| |||| 00| 0 eng d
040 ## - CATALOGING SOURCE
Transcribing agency RUA
082 ## - DEWEY DECIMAL CLASSIFICATION NUMBER
Classification number AGR TU 2007 B062 Or.1
100 ## - MAIN ENTRY--PERSONAL NAME
9 (RLIN) 1647
Personal name TU, NORA.
245 ## - TITLE STATEMENT
Title Compaison de defferentes varietes de riz pendant la saison des pluies par le systeme de la riziculture intensive cambodge), ការប្រៀបធៀបពីប្រភេទពូជស្រូវផ្សេងៗគ្នាក្នុងលក្ខខ័ណ្ឌរដូវវស្សាតាមប្រព័ន្ធប្រពលវប្បកមម្ម.
260 ## - PUBLICATION, DISTRIBUTION, ETC. (IMPRINT)
Place of publication, distribution, etc. phnom phen
Name of publisher, distributor, etc. RUA
Date of publication, distribution, etc. 2007
300 ## - PHYSICAL DESCRIPTION
Extent 47p.
Other physical details ill.
Dimensions 29cm.
942 ## - ADDED ENTRY ELEMENTS (KOHA)
Source of classification or shelving scheme
Koha item type AGR
Holdings
Price effective from Date last seen Permanent Location Not for loan Date acquired Source of classification or shelving scheme Koha item type Lost status Withdrawn status Date last checked out Total Checkouts Shelving location Damaged status Barcode Current Location Full call number
2015-10-012018-11-13Library Block B 2015-10-01 AGR  2018-11-121B062 RUA017809Library Block BAGR TU 2007 B062 Or.1
2015-10-012015-10-01Library Block B 2015-10-01 AGR    B062 RUA017946Library Block BAGR TU 2007 B062 Or.2
2015-10-012015-10-01Library Block B 2015-10-01 AGR    B062 RUA004237Library Block BAGR TU 2007 B062 Or.3
2015-10-012015-10-01Library Block B 2015-10-01 AGR    B062 RUA004309Library Block BAGR TU 2007 B062 Or.4
2015-10-012015-10-01Library Block B 2015-10-01 AGR    B062 RUA005249Library Block BAGR TU 2007 B062 Or.5
2015-10-012015-10-01Library Block B 2015-10-01 AGR    B062 RUA004381Library Block BAGR TU 2007 B062 Or.6
មជ្ឈមណ្ឌលឯការនៃសាកលវិទ្យាល័យភូមិន្ទកសិកម្មចំការដូង

Powered by Koha